000 00502nam a2200181 a 4500
001 1769939802248
003 YourLibrary
005 20260201163729.0
008 260201s2007##################000#0#eng##
020 _a9780521040426
082 0 4 _a305.094
_bONE
100 1 _aO'Neill, Brian Juan,
_eauthor.
245 1 0 _aSocial Inequality in a Portuguese Hamlet :
260 _bCambridge University Press,
_c2007.
650 0 _aPhilosophy.
942 _cENGLISH
040 _aYourLibrary
_beng
_cYourLibrary
999 _c609746
_d609746